[Event "DEM U10 2017"]
[Site "Willingen GER"]
[Date "2017.06.05"]
[Round "4"]
[White "Fathke, Luke"]
[Black "Fink, Moritz"]
[Result "1/2-1/2"]
[Termination "normal"]
[Board "22"]
[WhiteElo "1327"]
[BlackElo "1162"]
[PlyCount "53"]
[WhiteFideId "16230230"]
[BlackFideId "16235711"]
[EventCountry "GER"]
[EventRounds "11"]
[EventType "swiss"]
[EventDate "2017.06.03"]

1. e4 e5 2. Nf3 Nc6 3. Bc4 Bc5 4. c3 Nf6 5. d4 exd4 6. e5 Qe7 7. Qe2 Ng4 8. O-O
O-O 9. Bg5 Qe8 10. Bd3 Ngxe5 11. Nxe5 Qxe5 12. Qh5 h6 13. f4 Qe3+ 14. Rf2 Qxd3
15. Nd2 dxc3 16. Raf1 hxg5 17. fxg5 Bxf2+ 18. Rxf2 cxd2 19. Rf1 Re8 20. Qxf7+
Kh7 21. Qh5+ Kg8 22. Qxe8+ Kh7 23. Qh5+ Kg8 24. Qe8+ Kh7 25. Qh5+ Kg8 26. Qe8+
Kh7 27. Qh5+ 1/2-1/2

[Event "DEM U10 2017"]
[Site "Willingen GER"]
[Date "2017.06.05"]
[Round "4"]
[White "Laucht, Philipp"]
[Black "Bock, Marlon"]
[Result "1-0"]
[Termination "normal"]
[Board "23"]
[WhiteElo "1316"]
[BlackElo "1148"]
[PlyCount "58"]
[WhiteFideId "16244869"]
[BlackFideId "16244931"]
[EventCountry "GER"]
[EventRounds "11"]
[EventType "swiss"]
[EventDate "2017.06.03"]

1. e4 d5 2. exd5 Qxd5 3. Nc3 Qa5 4. Bc4 Nf6 5. d3 Bf5 6. Nf3 e6 7. Be3 c6 8.
Qd2 Nbd7 9. O-O-O O-O-O 10. a3 Be7 11. Nd4 Bg6 12. Nb3 Qc7 13. h3 b5 14. Bxb5
cxb5 15. Nxb5 Qb7 16. Nxa7+ Kb8 17. Na5 Qa6 18. N7c6+ Kc8 19. Nxe7+ Kc7 20.
Nxg6 fxg6 21. Qc3+ Kd6 22. Qb4+ Kc7 23. Qc4+ Qxc4 24. Nxc4 Ra8 25. Bf4+ Kc6 26.
Ne5+ Nxe5 27. Bxe5 Ra7 28. Rhe1 Nd5 29. Bd4 Re7 1-0

[Event "DEM U10 2017"]
[Site "Willingen GER"]
[Date "2017.06.05"]
[Round "4"]
[White "Krüger, Arthur"]
[Black "Petzke, Julian"]
[Result "0-1"]
[Termination "normal"]
[Board "24"]
[WhiteElo "1116"]
[BlackElo "1279"]
[PlyCount "88"]
[WhiteFideId "16244966"]
[BlackFideId "16244885"]
[EventCountry "GER"]
[EventRounds "11"]
[EventType "swiss"]
[EventDate "2017.06.03"]

1. e4 e6 2. d4 d5 3. exd5 exd5 4. Nf3 Bg4 5. Bf4 Nf6 6. Be2 Bd6 7. Bxd6 Qxd6 8.
O-O O-O 9. Nbd2 Nbd7 10. c3 c6 11. Re1 Rfe8 12. Nf1 Re7 13. h3 Bh5 14. Ng3 Rae8
15. Nxh5 Nxh5 16. Qd2 Nf4 17. Bf1 h6 18. Rxe7 Rxe7 19. Ne5 Ng6 20. Nxg6 Qxg6
21. Bd3 Qg5 22. Qxg5 hxg5 23. Kf1 Nf6 24. Re1 Rxe1+ 25. Kxe1 g4 26. h4 Nd7 27.
Ke2 g6 28. Ke3 f5 29. Kf4 Kg7 30. Kg5 Nf6 31. Kf4 Kf7 32. c4 Ne4 33. Bxe4 dxe4
34. d5 Ke7 35. dxc6 bxc6 36. Kg5 g3 37. f3 e3 38. Kxg6 e2 39. h5 e1=Q 40. h6
Qe6+ 41. Kg7 Qf7+ 42. Kh8 Kf6 43. b4 Kg6 44. a4 Qf8# 0-1

[Event "DEM U10 2017"]
[Site "Willingen GER"]
[Date "2017.06.05"]
[Round "4"]
[White "Zinnikus, Elias"]
[Black "Althaus, Lennart"]
[Result "0-1"]
[Termination "normal"]
[Board "25"]
[WhiteElo "776"]
[BlackElo "1161"]
[PlyCount "66"]
[WhiteFideId "16245024"]
[BlackFideId "16244923"]
[EventCountry "GER"]
[EventRounds "11"]
[EventType "swiss"]
[EventDate "2017.06.03"]

1. Nf3 Nf6 2. d4 d5 3. c4 e6 4. Bg5 Be7 5. Nc3 c6 6. e3 h6 7. Bh4 O-O 8. Bd3
dxc4 9. Bxc4 Nbd7 10. O-O Nb6 11. Bd3 Nfd5 12. Bxe7 Qxe7 13. Nxd5 Nxd5 14. Ne5
Nb6 15. Qc2 Nd7 16. Nf3 c5 17. Rad1 b6 18. Rfe1 Bb7 19. Qe2 cxd4 20. exd4 Qf6
21. Be4 Bxe4 22. Qxe4 Qd8 23. d5 Nc5 24. Qc4 Qf6 25. dxe6 Nxe6 26. Nd4 Rac8 27.
Qd3 Rfd8 28. Re4 Nc5 29. Qe3 Nxe4 30. Qxe4 Rc4 31. f3 Rcxd4 32. Rxd4 Qxd4+ 33.
Qxd4 Rxd4 0-1

[Event "DEM U10 2017"]
[Site "Willingen GER"]
[Date "2017.06.05"]
[Round "4"]
[White "Prizker, Maximilian"]
[Black "Wessel, Daniel"]
[Result "0-1"]
[Termination "normal"]
[Board "27"]
[WhiteElo "1016"]
[BlackElo "1098"]
[PlyCount "76"]
[WhiteFideId "16225686"]
[BlackFideId "16244982"]
[EventCountry "GER"]
[EventRounds "11"]
[EventType "swiss"]
[EventDate "2017.06.03"]

1. e4 e5 2. Nf3 Nc6 3. d4 exd4 4. Nxd4 Nf6 5. Nxc6 bxc6 6. Nc3 d5 7. Bg5 Bb4 8.
e5 Qe7 9. Qe2 Bxc3+ 10. bxc3 Qc5 11. exf6+ Be6 12. Bd2 O-O 13. fxg7 Rfe8 14.
Qa6 Bc8+ 15. Qe2 Rxe2+ 16. Bxe2 Qe7 17. Kf1 Ba6 18. Bxa6 Kxg7 19. Re1 Qa3 20.
Bb7 Rd8 21. Bxc6 Qa6+ 22. Kg1 Qxc6 23. h4 Rg8 24. Rh3 Kf8 25. Bh6+ Qxh6 26. Rb1
Ke7 27. Re1+ Kd6 28. Rd1 Qg6 29. Rg3 Qxc2 30. Rgd3 Qxa2 31. R3d2 Qc4 32. Rd4
Qxc3 33. Rxd5+ Kc6 34. Rf5 Qh3 35. Rf6+ Kb7 36. g3 Qxh4 37. Rb1+ Kc8 38. Rf4
Qxf4 0-1

[Event "DEM U10 2017"]
[Site "Willingen GER"]
[Date "2017.06.05"]
[Round "4"]
[White "Fröhlich, Niklas"]
[Black "Brandstrup, Luca Alexander"]
[Result "1-0"]
[Termination "normal"]
[Board "28"]
[WhiteElo "1023"]
[BlackElo "1083"]
[PlyCount "55"]
[WhiteFideId "16245016"]
[BlackFideId "16244990"]
[EventCountry "GER"]
[EventRounds "11"]
[EventType "swiss"]
[EventDate "2017.06.03"]

1. e4 c5 2. Nf3 d6 3. Nc3 e5 4. Bc4 Nf6 5. Ng5 d5 6. exd5 h6 7. Nge4 Bf5 8.
Nxf6+ Qxf6 9. Qe2 Bxc2 10. d3 Bxd3 11. Qxd3 a6 12. Qe3 b5 13. Be2 Qg6 14. O-O
Nd7 15. Qg3 Qb6 16. f4 exf4 17. Bxf4 g5 18. Be5 f6 19. Bxf6 Nxf6 20. Qe5+ Be7
21. Rae1 c4+ 22. Kh1 Kd8 23. Bd1 Ra7 24. Ne2 Rf8 25. Nd4 Ke8 26. d6 Qb7 27. Bf3
Qd7 28. Bc6 1-0

[Event "DEM U10 2017"]
[Site "Willingen GER"]
[Date "2017.06.05"]
[Round "4"]
[White "Sommer, Justus"]
[Black "Hubert, Nikita"]
[Result "1-0"]
[Termination "normal"]
[Board "29"]
[WhiteElo "1081"]
[BlackElo "957"]
[PlyCount "35"]
[WhiteFideId "16245008"]
[BlackFideId "16235754"]
[EventCountry "GER"]
[EventRounds "11"]
[EventType "swiss"]
[EventDate "2017.06.03"]

1. e4 e5 2. Nf3 Nc6 3. Nc3 Nf6 4. d4 exd4 5. Nxd4 Bb4 6. Nxc6 bxc6 7. Bd3 d5 8.
exd5 Nxd5 9. Bd2 Nxc3 10. Bxc3 Bc5 11. O-O O-O 12. Qf3 Bd7 13. Qe4 g6 14. Qe5
f6 15. Qxc5 Rb8 16. Qe3 Re8 17. Qh6 c5 18. Bxg6 1-0